Name the Maori Values Quiz Stats

 Plays Quiz not verified by Sporcle

Challenge
Share
Tweet
Embed
Score 0/9 Timer 05:00
0 Plays Today
Basic definition Maori Word % Correct
LandWhenua
94.5%
power,authorityMana
89%
People of the LandTangata Whenua
84.1%
highly valued possesionTaonga
76.2%
rules, customs, traditionsTikanga
73.2%
life essence in somethingMauri
56.7%
standing place, homeTurangawaewae
50.6%
sustainabilityKaitiakitanga
42.1%
caring for valued possesionManaakitanga
41.5%

You're not logged in!

Compare scores with friends on all Sporcle quizzes.
Join for Free
OR
Log In

You Might Also Like...

Show Comments

Extras

Created Jun 14, 2011ReportNominate
Tags:Vocabulary Quiz, basic

Top Quizzes Today


Score Distribution

Your Account Isn't Verified!

In order to create a playlist on Sporcle, you need to verify the email address you used during registration. Go to your Sporcle Settings to finish the process.

Report this User

Report this user for behavior that violates our Community Guidelines.

Details: